La verità, vi prego, sull'amore /

Spremljeno u:
Bibliografski detalji
Glavni autor: Auden, Wystan Hugh
Daljnji autori: Forti Gilberto
Format: Knjiga
Jezik:engleski
Izdano: Milano Adelphi 2006
Izdanje:16a. edizione
Oznake: Dodaj oznaku
Bez oznaka, Budi prvi tko označuje ovaj zapis!

MARC

LEADER 00000nam a2200000 4500
001 CDOM0000002849
003 mi
005 20251017205214.0
008 250719b |||||||| |||| 00| 0 eng d
020 |a 8845911063 
040 |c mi 
100 |a Auden, Wystan Hugh 
245 1 |a La verità, vi prego, sull'amore /  |c Wystan Hugh Auden 
250 |a 16a. edizione  |b con testo a fronte 
260 |a Milano  |b Adelphi  |c 2006 
300 |a 68 p.  |c 18 cm. 
410 0 |a Piccola biblioteca Adelphi  |v 339 
700 |a Forti  |b Gilberto 
942 |2 ddc  |c BK 
952 |0 0  |1 0  |2 ddc  |4 0  |6 B_LPS01AUDWYVER11  |7 0  |9 8779  |a MI  |b MI  |d 2006-11-16  |i 5213  |l 0  |o B-LPS01-AUDWY-VER11  |p CDOM5213  |r 2025-07-17 21:50:00  |w 2025-07-17  |x DONO  |y BK 
999 |c 7296  |d 7296